[Event "ICS rated blitz match"]
[Site "207.99.83.227"]
[Date "1999.04.04"]
[Round "?"]
[White "TDChess"]
[Black "Hossa"]
[Result "1-0"]
[WhiteElo "2593"]
[BlackElo "2372"]
[Annotator "Crafty v16.6"]
[PlyCount "151"]

{annotating for player Hossa using a scoring margin of +0.10 pawns. search
time limit is 20.00} 1. d4 1... Nf6 2. Nf3 e6 3. c4 Be7 4. e3 d5 5. Bd3 O-O 6.
Nc3 b6 ({9:-0.23} 6... b6 7. O-O dxc4 8. Bxc4 Bb7 9. Qe2 Nbd7 10. Ng5 Nd5 11.
Nxd5 Bxd5 12. Bxd5 12... exd5 $10) ({9:-0.01} 6... dxc4 7. Bxc4 c5 8. O-O Nc6
9. dxc5 Bxc5 10. Na4 10... Bd6 $10) 7. O-O Ba6 8. Ne5 Bb4 ({9:-0.52} 8... Bb4
9. cxd5 Nxd5 10. Bxa6 Nxa6 11. Qd3 f6 12. Qxa6 fxe5 13. Qc4 Bxc3 14. bxc3 exd4
15. cxd4 $14) ({9:-0.19} 8... dxc4 9. Bxc4 Bxc4 10. Nxc4 c5 11. dxc5 Bxc5 12.
Qf3 Nbd7 13. Rd1 Rc8 14. Nd6 Bxd6 15. Rxd6 $10) 9. Qb3 Bd6 10. Rd1 Bxe5 11.
dxe5 Ng4 12. Nb5 Bxb5 ({7:+1.98} 12... Bxb5 13. f3 Bxc4 14. Bxc4 Nxe5 15. Bd3
15... Qh4 $19) ({7:+2.33} 12... Qh4 13. Nxc7 Qxf2+ 14. Kh1 Qh4 15. h3 Bxc4 16.
Bxc4 dxc4 17. Qc2 Nf2+ 18. Kg1 Nxd1 19. Nxa8 $19) 13. f3 Bxc4 14. Bxc4 Nxe5 15.
Be2 c5 16. f4 Nec6 17. Bd2 Qe7 18. Bc3 Qh4 ({8:+1.88} 18... Qh4 19. Qa4 Rd8 20.
Be1 Qf6 21. Qc2 Nd7 22. Rac1 $19) ({8:+2.02} 18... Rd8 19. Bf3 d4 20. Be1 e5
21. f5 Qg5 22. Be4 $19) 19. Qa4 Ne7 20. Be1 Qf6 21. Bc3 d4 22. exd4 Qxf4 23.
Bf3 Nd5 24. Qb3 Rd8 25. dxc5 Qe3+ 26. Kf1 Qxc5 27. Bb4 Qb5+ 28. Be2 Qe8 29. Be1
Nc6 30. Kg1 Rac8 31. Ba6 Rc7 32. Bg3 Na5 33. Qd3 Re7 34. Bb5 Qf8 35. Qd2 Nb7
36. Qe2 Rc8 37. Rac1 Rxc1 38. Rxc1 Qd8 39. Qf3 Nc5 40. Rd1 Qc8 41. Bd6 Rb7 42.
Rc1 Qd8 43. Bxc5 bxc5 44. Rxc5 Qb6 45. Qf2 Rc7 46. Rxc7 Qxf2+ 47. Kxf2 Nxc7 48.
Bd3 Nd5 49. h4 a5 50. Kf3 Kf8 51. Bc4 h5 52. a3 Ne7 53. Kf4 Nc6 54. Be2 g6 55.
Bf3 e5+ 56. Kg3 Nd4 57. b4 f5 58. bxa5 e4 59. a6 Ne6 60. a7 Nc7 61. Be2 g5 62.
hxg5 Kg7 63. Bxh5 Kf8 64. Bg6 e3 65. Bxf5 Ke7 66. Be4 e2 67. Kf2 e1=R 68. Kxe1
Ke6 69. g6 Kf6 70. a4 Kg7 71. a5 Kf6 72. a6 Kg5 73. g7 Kh5 74. g8=Q Ne8 75.
a8=Q Kh6 76. Qg6# 1-0

[Event "ICS Rated blitz match"]
[Site "207.99.83.227"]
[Date "1999.04.04"]
[Round "?"]
[White "Hossa"]
[Black "sanya"]
[Result "1-0"]
[WhiteElo "2365"]
[BlackElo "2141"]
[PlyCount "45"]

1. e4 c5 2. Bc4 e6 3. Nc3 Nc6 4. Nf3 a6 5. d4 cxd4 6. Nxd4 Qc7 7. O-O Bc5 8.
Nb3 Be7 9. Qg4 Kf8 10. Bf4 Bd6 11. Bxd6+ Qxd6 12. Rad1 Qe7 13. Qf4 Nf6 14. e5
Ne8 15. Rfe1 b5 16. Be2 Ra7 17. Ne4 Rc7 18. Nd6 g5 19. Qe4 h6 20. Bh5 Bb7 21.
Bxf7 Nd8 22. Nxb7 Qxf7 23. Nxd8 {sanya resigns} 1-0

[Event "ICS rated blitz match"]
[Site "207.99.83.227"]
[Date "1999.04.04"]
[Round "?"]
[White "toothfairy"]
[Black "Hossa"]
[Result "0-1"]
[WhiteElo "1974"]
[BlackElo "2372"]
[PlyCount "62"]

1. e4 e5 2. Nf3 Nc6 3. Bc4 Bc5 4. d3 Nf6 5. Bg5 d6 6. Nbd2 O-O 7. c3 Bg4 8. h3
Bh5 9. g4 Bg6 10. Nh4 Na5 11. Bb5 c6 12. Ba4 Qb6 13. O-O Qxb2 14. Bxf6 gxf6 15.
Qc1 Ba3 16. Qxb2 Bxb2 17. Rab1 Bxc3 18. Nb3 b5 19. Nxa5 Bxa5 20. Bb3 Bb6 21.
Kh2 a5 22. a4 Bd4 23. Nf3 Bc3 24. Ng1 Rab8 25. Ne2 Bd2 26. Rfd1 Bg5 27. Kg2 d5
28. exd5 bxa4 29. Bxa4 Rxb1 30. Rxb1 Bxd3 31. Rb2 31... cxd5 {
toothfairy resigns} 0-1

[Event "ICS rated blitz match"]
[Site "207.99.83.227"]
[Date "1999.04.04"]
[Round "?"]
[White "Hossa"]
[Black "TDChess"]
[Result "0-1"]
[WhiteElo "2375"]
[BlackElo "2602"]
[Annotator "Crafty v16.6"]
[PlyCount "130"]

{annotating for player Hossa using a scoring margin of +0.10 pawns. search
time limit is 20.00} 1. e4 1... e6 2. Nf3 d5 3. exd5 exd5 4. Bb5+ c6 5. Be2 Nf6
6. O-O Bd6 7. d3 O-O 8. Bg5 h6 9. Be3 Ng4 10. Bc1 ({9:-0.16} 10. Bc1 10... Qc7
11. h3 Nh2 12. Re1 Nxf3+ 13. Bxf3 Bf5 14. Bg4 Bxg4 15. Qxg4 15... Nd7 $10) ({
9:-0.04} 10. Bd2 10... Re8 11. Nc3 Na6 12. Rc1 Nc5 13. h3 Ne5 14. Re1 $10)
10... Qc7 11. h3 Nh2 12. Re1 Nxf3+ 13. Bxf3 Na6 14. Nc3 Be6 15. Be3 Rfe8 16.
Qd2 Bd7 17. Bxh6 ({8:-1.81} 17. Bxh6 17... gxh6 18. Qxh6 Bf4 19. Qf6 Qd6 20.
Qxd6 Bxd6 21. Bg4 $19) ({8:+0.04} 17. Re2 17... Qd8 18. Bf4 Qf6 19. Bxd6 Qxd6
20. Rae1 Rxe2 21. Rxe2 21... Nc5 $10) 17... gxh6 18. Qxh6 Bh2+ 19. Kf1 Bf4 20.
Qf6 Nb4 21. Bh5 Be6 22. Re2 Na6 23. Rae1 Nc5 24. Bg4 Rf8 25. Bxe6 ({9:-0.99} 
25. Bxe6 25... Nxe6 26. Qh4 Bg5 27. Qg4 Qf4 28. Rxe6 Qxg4 29. hxg4 fxe6 30.
Rxe6 $17) ({9:+1.26} 25. g3 25... Bxg4 26. hxg4 d4 27. gxf4 dxc3 28. Qg5+ Kh7
29. Qxc5 cxb2 30. Qf5+ Kg8 31. Re7 $16) 25... Nxe6 26. g3 Bd6 27. Kg1 Rfe8 28.
h4 ({10:-1.26} 28. h4 28... Qd7 29. Qf5 Bf8 30. h5 Bg7 31. a4 Qd6 32. a5 32...
Bd4 $17) ({10:-0.47} 28. Rxe6 28... Rxe6 29. Rxe6 fxe6 30. Qxe6+ Kg7 31. h4 Qe7
32. Qg4+ Kf8 33. Qf5+ Qf7 34. Qxf7+ Kxf7 35. f4 35... Re8 $15) 28... Rab8 29.
Qf3 ({9:-1.06} 29. Qf3 29... Qb6 30. Qf5 Kg7 31. Nd1 Qc5 32. c3 Kg8 33. h5 $17)
({10:+0.00} 29. Rxe6 29... fxe6 30. Rxe6 Be5 31. Qg6+ Kf8 32. Qf5+ Kg8 33. Qg6+
$10) 29... Qb6 30. Nd1 ({8:-1.22} 30. Nd1 30... Qd4 31. c3 Qg7 32. Qf5 Bc5 33.
Ne3 33... d4 $17) ({8:+0.03} 30. Qg4+ 30... Kh7 31. Qf5+ Kg7 32. Rxe6 Rxe6 33.
Rxe6 fxe6 34. Qxe6 Rd8 35. b3 $10) 30... Qa5 31. a3 Qb6 32. c3 Rbc8 33. Ne3 Bf8
34. Nf5 Red8 35. Qg4+ Kh7 36. Qh5+ Kg8 37. Nh6+ Bxh6 38. Qxh6 Ng7 39. Qg5 c5
40. h5 Rd6 41. g4 Rcc6 42. Kh1 Qb3 43. Re8+ Kh7 44. Rf8 Rf6 45. Qd2 d4 46. cxd4
cxd4 47. Re2 Qd5+ 48. Kg1 Ne6 49. Re8 Qf3 50. Re4 Nf4 51. Rxf4 Rxf4 52. Re4
Rxg4+ 53. Rxg4 Qxg4+ 54. Kf1 Qxh5 55. Qf4 Qd1+ 56. Kg2 Rg6+ 57. Qg3 Rxg3+ 58.
Kxg3 Qxd3+ 59. Kf4 Qe2 60. Kg5 d3 61. f4 d2 62. f5 d1=Q 63. b4 Qd8+ 64. f6 Qg8+
65. Kh4 Qgg4# 0-1

[Event "ICS rated blitz match"]
[Site "207.99.83.227"]
[Date "1999.04.04"]
[Round "?"]
[White "TDChess"]
[Black "Hossa"]
[Result "1-0"]
[WhiteElo "2609"]
[BlackElo "2368"]
[Annotator "Crafty v16.6"]
[PlyCount "85"]

{annotating for player Hossa using a scoring margin of +0.10 pawns. search
time limit is 20.00} 1. d4 1... Nf6 2. Nf3 e6 3. c4 Be7 4. e3 d5 5. Bd3 O-O 6.
Nc3 dxc4 7. Bxc4 c5 8. O-O Nc6 9. dxc5 Bxc5 10. a3 Bd7 11. b4 Be7 12. e4 Rc8
13. Be2 Nb8 ({8:-0.17} 13... Nb8 14. Bb2 Ng4 15. Nd2 Nf6 16. Rc1 Nc6 17. Bc4
$10) ({8:+0.01} 13... Ng4 14. Bb2 Bf6 15. Rc1 Qe7 16. Qd3 Rfd8 17. Rfd1 $10)
14. Bd2 Bc6 15. Qb1 Qc7 16. Rc1 Rfd8 ({8:-0.50} 16... Rfd8 17. b5 Be8 18. Nd5
Qd7 19. Nxe7+ Qxe7 20. e5 Rxc1+ 21. Bxc1 Nd5 22. Qe4 $14) ({8:-0.23} 16... a6
17. a4 Rfd8 18. b5 axb5 19. axb5 Bd7 20. Nd5 Qd6 21. Rxc8 Rxc8 22. Nxe7+ 22...
Qxe7 $10) 17. b5 Be8 18. Nd5 Qd7 ({10:-1.75} 18... Qd7 19. Ne5 Rxc1+ 20. Qxc1
Qd6 21. Nxe7+ Kh8 22. Bc3 Qc7 23. Nxf7+ Bxf7 24. Bxf6 Qxc1+ 25. Rxc1 gxf6 26.
Rc7 26... Rd7 $18) ({10:-0.71} 18... Qxc1+ 19. Bxc1 exd5 20. exd5 Nxd5 21. Bb2
Nc3 22. Qf1 Rd5 23. a4 Nd7 24. Bc4 $16) 19. Ne5 Rxc1+ 20. Qxc1 Qd6 21. Nxe7+
Kh8 22. Ba5 b6 23. N5c6 Nxc6 24. Nxc6 Bxc6 25. Bb4 Qd4 26. bxc6 Nxe4 27. Be1
Nc5 ({9:-3.75} 27... Nc5 28. Qc3 Qa4 29. Qf3 Kg8 30. Rd1 Rxd1 31. Bxd1 Qc4 32.
Qh5 $18) ({9:-3.33} 27... Rc8 28. Qd1 Nc3 29. Bxc3 Qxc3 30. Bf3 h6 31. Be4 f5
32. Bf3 $18) 28. Bc3 Qh4 ({9:-4.09} 28... Qh4 29. Qe3 Qe7 30. Be5 Rc8 31. Bf3
f6 32. Bf4 32... Kg8 $18) ({9:-3.87} 28... Qd6 29. Bf3 Nd3 30. Qg5 f6 31. Qh5
Kg8 32. Be4 32... b5 $18) 29. Qb2 Qg5 30. c7 Rc8 31. Rd1 Nb7 32. Rd7 e5 33. Ba6
Qf5 34. Qb5 Rg8 35. Bxb7 a6 36. Qd3 Qf4 37. Rd8 Qc1+ 38. Qd1 Qxd1+ 39. Rxd1 h6
40. Rd8 Kh7 41. Rxg8 Kxg8 42. Be4 Kh8 43. c8=Q# 1-0

[Event "ICS rated blitz match"]
[Site "207.99.83.227"]
[Date "1999.04.04"]
[Round "?"]
[White "Hossa"]
[Black "KOFF"]
[Result "1/2-1/2"]
[WhiteElo "2362"]
[BlackElo "2255"]
[PlyCount "211"]

1. e4 e5 2. Nf3 Nc6 3. Bb5 a6 4. Bxc6 dxc6 5. O-O Qd6 6. d4 exd4 7. Nxd4 c5 8.
Ne2 Qxd1 9. Rxd1 Bd7 10. Bf4 O-O-O 11. Nbc3 Ne7 12. Rd3 Ng6 13. Rad1 Nxf4 14.
Nxf4 Bd6 15. Nfd5 Be6 16. e5 Bxd5 17. Nxd5 c6 18. exd6 cxd5 19. Rxd5 b6 20. Rg5
g6 21. Re5 Rd7 22. Rd3 Rhd8 23. Red5 Kb7 24. c4 Kc6 25. a4 a5 26. f4 Rxd6 27.
Rxd6+ Rxd6 28. Rxd6+ Kxd6 29. g3 Ke6 30. Kf2 f5 31. Ke3 Kd6 32. h3 Ke6 33. g4
Kf6 34. g5+ Ke6 35. Kf3 Kd6 36. h4 Ke6 37. Ke2 Kd6 38. Kd3 Ke6 39. Kc3 Kd6 40.
Kd2 Ke6 41. b3 Kd6 42. Kc2 Ke6 43. Kd3 Ke7 44. Ke3 Kd7 45. Ke2 Kd8 46. Kf3 Kd7
47. Ke3 Kc8 48. Kd2 Kb8 49. Ke2 Ka8 50. Ke3 Ka7 51. Kd3 Ka6 52. Ke2 Kb7 53. Kf2
Ka7 54. Kg3 Ka8 55. h5 Kb8 56. h6 Kc8 57. Kf3 Kd8 58. Ke3 Ke8 59. Kd3 Kf8 60.
Kc3 Ke8 61. Kd2 Ke7 62. Ke2 Kf7 63. Kf2 Kg8 64. Ke3 Kf8 65. Kd3 Kg8 66. Kd2 Kh8
67. Ke3 Kg8 68. Kf3 Kf8 69. Kg2 Kf7 70. Kf1 Kg8 71. Kf2 Kf7 72. Ke2 Kf8 73. Ke1
Ke7 74. Kf1 Kd8 75. Kg1 Kc8 76. Kg2 Kb8 77. Kf2 Ka8 78. Ke3 Ka7 79. Kd3 Ka6 80.
Ke2 Kb7 81. Kd1 Kc7 82. Kd2 Kc6 83. Kc1 Kd6 84. Kd2 Ke6 85. Ke1 Kf7 86. Ke2 Ke7
87. Ke3 Kd7 88. Kd3 Kc7 89. Ke3 Kb7 90. Kd3 Ka8 91. Kd2 Kb8 92. Ke1 Kc8 93. Kd2
Kd8 94. Ke2 Ke8 95. Ke3 Kf8 96. Kd3 Kg8 97. Kd2 Kh8 98. Ke3 Kg8 99. Kd3 Kf7
100. Ke3 Ke7 101. Kd3 Kd7 102. Kd2 Kd6 103. Ke3 Ke6 104. Kd3 Kf7 105. Ke3 Kg8
106. Kd3 {Game drawn by the 50 move rule} 1/2-1/2

[Event "ICS rated blitz match"]
[Site "207.99.83.227"]
[Date "1999.04.04"]
[Round "?"]
[White "KOFF"]
[Black "Hossa"]
[Result "0-1"]
[WhiteElo "2260"]
[BlackElo "2357"]
[PlyCount "80"]

1. e4 e5 2. Nf3 Nc6 3. Nc3 Bb4 4. g3 Nf6 5. Bg2 O-O 6. O-O d6 7. d3 Bg4 8. h3
Bxf3 9. Qxf3 Nd4 10. Qd1 Bxc3 11. bxc3 Ne6 12. Rb1 b6 13. f4 Qe7 14. f5 Nc5 15.
Bg5 Na4 16. Qd2 Rae8 17. Kh2 Nc5 18. g4 Kh8 19. Bf3 Rg8 20. Rg1 c6 21. Rg2 Rd8
22. c4 Rde8 23. Rbg1 b5 24. cxb5 cxb5 25. Bxf6 Qxf6 26. g5 Qe7 27. g6 hxg6 28.
fxg6 fxg6 29. Rxg6 Ne6 30. Bg4 Nf4 31. Bf5 Nxg6 32. Rxg6 Rgf8 33. Qg2 Rf6 34.
Rg5 Ref8 35. Qg4 Qc7 36. Rh5+ Rh6 37. Rxh6+ gxh6 38. c4 bxc4 39. Qg6 Qg7 40.
Qxd6 40... Rg8 {KOFF resigns} 0-1

[Event "ICS rated blitz match"]
[Site "207.99.83.227"]
[Date "1999.04.04"]
[Round "?"]
[White "Hossa"]
[Black "sombra"]
[Result "0-1"]
[WhiteElo "2369"]
[BlackElo "2415"]
[Annotator "Crafty v16.6"]
[PlyCount "178"]

{annotating for player Hossa using a scoring margin of +0.10 pawns. search
time limit is 20.00} 1. e4 1... d6 2. d4 Nf6 3. Bd3 ({9:-0.02} 3. Bd3 3... Nc6
4. Ne2 Bg4 5. f3 Bh5 6. O-O Nb4 7. Bc4 $10) ({9:+0.16} 3. Nc3 3... Nc6 4. Nf3
d5 5. exd5 Nxd5 6. Nxd5 Qxd5 7. Be2 Nb4 8. Bf4 $10) 3... c6 4. Ne2 ({9:+0.14} 
4. Ne2 4... e5 5. dxe5 dxe5 6. O-O Be7 7. Bg5 O-O 8. Nd2 8... Bg4 $10) ({
9:+0.29} 4. Nf3 4... g6 5. e5 dxe5 6. dxe5 Ng4 7. Bf4 Bg7 8. h3 Bh6 9. Bxh6
9... Nxh6 $10) 4... e5 5. dxe5 dxe5 6. O-O Be7 7. Nd2 O-O 8. Nc4 Nbd7 9. Bg5
Qc7 10. Nc3 ({9:-0.31} 10. Nc3 10... Nc5 11. a4 Rd8 12. Qf3 Nxd3 13. cxd3 Rd4
14. Rac1 14... Bg4 $15) ({9:-0.09} 10. Ng3 10... Nc5 11. Nf5 Bxf5 12. exf5 b5
13. Nd2 Nxd3 14. cxd3 Qd6 15. Re1 $10) 10... b5 11. Ne3 Re8 12. Qf3 Bb7 13.
Rad1 a6 14. Nf5 Bf8 15. Nh6+ gxh6 16. Bxf6 Nxf6 17. Qxf6 Bg7 18. Qf5 Bc8 19.
Qh5 Be6 20. a4 ({9:+0.39} 20. a4 20... Qe7 21. Be2 Qg5 22. Rd6 b4 23. Nd1 Qxh5
24. Bxh5 24... Bc4 $14) ({9:+0.51} 20. Ne2 20... Qe7 21. Ng3 Qg5 22. Qe2 c5 23.
Nf5 c4 24. Nxg7 24... cxd3 $14) 20... b4 21. Nb1 ({10:+0.38} 21. Nb1 21... c5
22. Nd2 c4 23. Be2 c3 24. bxc3 Qxc3 25. Bd3 Qd4 26. a5 $14) ({10:+0.51} 21. Ne2
21... c5 22. Ng3 c4 23. Be2 Qc6 24. Bg4 Qxa4 25. Bxe6 Rxe6 26. Rd2 $14) 21...
c5 22. c4 Rad8 23. b3 ({10:-0.15} 23. b3 23... Qe7 24. Be2 Qg5 25. Qf3 Rxd1 26.
Rxd1 Rd8 27. Re1 Qf4 28. Qxf4 28... exf4 $10) ({10:+0.07} 23. Qe2 23... Qe7 24.
Nd2 Qg5 25. Nf3 Bg4 26. Bc2 Rd4 27. Rxd4 exd4 28. Qd3 $10) 23... Rd4 24. Rd2
Red8 25. Rfd1 Qe7 26. Kh1 ({10:-0.62} 26. Kh1 26... Qg5 27. Qe2 h5 28. Kg1 Qf4
29. Re1 Bg4 30. Qe3 Qxe3 31. Rxe3 $15) ({10:-0.46} 26. Qe2 26... Qg5 27. Bc2 h5
28. Rxd4 Rxd4 29. Bd3 Bg4 30. f3 Bh3 31. Nd2 $15) 26... Qg5 27. Qe2 Bg4 28. f3
Be6 29. Qf2 h5 30. Qf1 ({10:-1.19} 30. Qf1 30... Bh6 31. Rf2 Qf6 32. Bc2 Rxd1
33. Bxd1 Be3 34. Re2 Qf4 35. Bc2 $17) ({10:-0.81} 30. Bc2 30... h4 31. Rd3 h3
32. g3 Rxd3 33. Bxd3 Rd4 34. Be2 f6 35. Bd3 $17) 30... h4 31. a5 Qf6 32. Be2
Bh6 33. Rxd4 exd4 34. Bd3 Bf4 35. Nd2 Qe5 36. Qf2 Qg5 37. Bf1 Kh8 38. Nb1 Rg8
39. Rd3 Be3 40. Qb2 Bh3 41. Rd2 Bxd2 42. Qxd2 Qxd2 43. Nxd2 Be6 44. f4 f5 45.
Bd3 fxe4 46. Nxe4 Rc8 47. Kg1 Bf5 48. Nd6 Bxd3 49. Nxc8 Bc2 50. Nd6 Bxb3 51. f5
d3 52. Ne4 Bxc4 53. Nd2 Bd5 54. Kf2 c4 55. Ke3 b3 56. Kd4 b2 57. Kc3 Bxg2 58.
Kxc4 Be4 59. f6 Kg8 60. Kb3 Kf7 61. Kxb2 Bd5 62. Kc3 Kxf6 63. Kxd3 Kf5 64. Kd4
Bb7 65. Nb3 Kg4 66. Nc5 Bc8 67. Kd5 Kh3 68. Kc6 Kxh2 69. Ne4 Kg2 70. Kc7 Bf5
71. Ng5 Bd3 72. Ne6 Kg3 73. Ng5 h6 74. Nh3 Kxh3 75. Kd6 Kg2 76. Ke6 h3 77. Kd5
h2 78. Kd4 h1=Q 79. Kxd3 Qh5 80. Ke3 Qxa5 81. Kd4 Qb5 82. Ke4 a5 83. Kd4 a4 84.
Ke4 a3 85. Kd4 a2 86. Ke4 a1=Q 87. Ke3 Qae5+ 88. Kd2 Qbb2+ 89. Kd3 Qed4# 0-1

[Event "ICS rated blitz match"]
[Site "207.99.83.227"]
[Date "1999.04.04"]
[Round "?"]
[White "nimraz"]
[Black "Hossa"]
[Result "0-1"]
[WhiteElo "2178"]
[BlackElo "2355"]
[PlyCount "72"]

1. c4 e5 2. Nc3 Nf6 3. g3 Nc6 4. Bg2 Bc5 5. Nf3 e4 6. Nh4 Ne5 7. d4 exd3 8.
exd3 Bd4 9. O-O Bxc3 10. bxc3 O-O 11. f4 Nc6 12. d4 Re8 13. d5 Na5 14. g4 Nxc4
15. g5 Ne4 16. Qd4 Ned6 17. f5 f6 18. g6 h6 19. Bxh6 gxh6 20. Qg4 Ne3 21. Qh5
Nxf1 22. Qxh6 Qe7 23. Re1 Ne3 24. Kh1 Ng4 25. Rxe7 Nxh6 26. Rh7 Re1+ 27. Bf1
Rxf1+ 28. Kg2 Rxf5 29. Rxh6 Rxd5 30. Kg3 Rd3+ 31. Kf4 Rxc3 32. Rh7 Rh3 33. Kg4
Rxh2 34. Kh5 Nf5 35. g7 Kxh7 36. a3 36... Rxh4# {nimraz checkmated} 0-1

[Event "ICS rated blitz match"]
[Site "207.99.83.227"]
[Date "1999.04.04"]
[Round "?"]
[White "Hossa"]
[Black "nimraz"]
[Result "1-0"]
[WhiteElo "2363"]
[BlackElo "2170"]
[PlyCount "45"]

1. e4 c6 2. Nc3 d5 3. exd5 cxd5 4. Nf3 g6 5. Bb5+ Nc6 6. Ne5 d4 7. Qf3 Nf6 8.
Nxc6 bxc6 9. Bxc6+ Bd7 10. Bxa8 dxc3 11. dxc3 Bg7 12. Bc6 O-O 13. Bxd7 Nxd7 14.
O-O Ne5 15. Qe4 h5 16. Bf4 Ng4 17. Rad1 e5 18. Rxd8 exf4 19. Rxf8+ Kxf8 20.
Qa8+ Ke7 21. Qxa7+ Ke8 22. Re1+ Kf8 23. Qa8# {nimraz checkmated} 1-0

[Event "ICS rated blitz match"]
[Site "207.99.83.227"]
[Date "1999.04.04"]
[Round "?"]
[White "Hossa"]
[Black "TDChess"]
[Result "0-1"]
[WhiteElo "2371"]
[BlackElo "2631"]
[Annotator "Crafty v16.6"]
[PlyCount "116"]

{annotating for player Hossa using a scoring margin of +0.10 pawns. search
time limit is 20.00} 1. e4 1... e6 2. Nf3 d5 3. exd5 exd5 4. Bb5+ c6 5. Be2 Nf6
6. O-O Bd6 7. d3 O-O 8. Bg5 h6 9. Be3 Ng4 10. Bc1 ({9:-0.16} 10. Bc1 10... Qc7
11. h3 Nh2 12. Re1 Nxf3+ 13. Bxf3 Bf5 14. Bg4 Bxg4 15. Qxg4 15... Nd7 $10) ({
9:-0.04} 10. Bd2 10... Re8 11. Nc3 Na6 12. Rc1 Nc5 13. h3 Ne5 14. Re1 $10)
10... Qc7 11. h3 Nh2 12. Re1 Nxf3+ 13. Bxf3 Na6 14. Nc3 Bd7 15. Be3 Kh7 16. Qd2
Rfe8 17. Bd4 ({9:-0.25} 17. Bd4 17... Bf4 18. Be3 Bxe3 19. Rxe3 d4 20. Rxe8
dxc3 21. Be4+ f5 22. Bxf5+ 22... Bxf5 $10) ({9:+0.07} 17. Re2 17... Kg8 18.
Rae1 Rad8 19. a4 Bh2+ 20. Kh1 Be5 21. d4 21... Bd6 $10) 17... Bh2+ 18. Kh1 Bf4
19. Rxe8 Rxe8 20. Qd1 f5 21. Bh5 ({9:-0.06} 21. Bh5 21... g6 22. Bf3 Be5 23.
Bxe5 Qxe5 24. d4 Qf4 25. Ne2 25... Qh4 $10) ({9:+0.07} 21. Ne2 21... Be5 22.
Bxe5 Qxe5 23. d4 Qd6 24. Kg1 Kg8 25. Qd3 25... Nb4 $10) 21... g6 22. Bf3 Bg5
23. Qg1 ({9:-0.29} 23. Qg1 23... Qd6 24. Re1 Qb4 25. Rxe8 Bxe8 26. Ne2 Qd2 27.
Qb1 27... c5 $10) ({9:+0.01} 23. Kg1 23... Kg8 24. a4 b6 25. Ne2 Qd6 26. c4 Nc5
27. b4 $10) 23... Nb4 24. Qb1 ({9:-0.55} 24. Qb1 24... c5 25. Be3 Bxe3 26. fxe3
d4 27. exd4 cxd4 28. a3 Nxd3 29. cxd3 dxc3 30. bxc3 Qxc3 31. Bxb7 $15) ({
9:-0.19} 24. Qd1 24... c5 25. Be3 Bxe3 26. fxe3 Rxe3 27. Nxd5 Nxd5 28. Bxd5 Qe5
29. Bxb7 29... Qxb2 $10) 24... Bd2 25. Ne2 c5 26. Qd1 Bg5 27. Bc3 Qd6 28. d4
Nc6 29. dxc5 Qxc5 30. Kg1 Bh4 31. Qf1 Ne5 32. Bxe5 Rxe5 33. Nc3 d4 34. Rd1 Be8
35. Ne2 Qxc2 36. Rxd4 Be7 37. Qd1 Qxb2 38. Rd2 Qb4 39. a3 Qb6 40. Qa1 Ra5 41.
Ra2 Bf8 42. Nf4 Bg7 43. Qc1 Rb5 44. Qf1 Rb1 45. Bd1 Qd6 46. Nd3 Ba4 47. Nb2 Qd5
48. Qc4 Bc6 49. Qxd5 Bxd5 50. Nc4 Rxd1+ 51. Kh2 Bxc4 52. Rc2 b5 53. a4 Be5+ 54.
f4 Bxf4+ 55. g3 Be3 56. g4 Bd5 57. Rc7+ Kg8 58. axb5 Bf4# 0-1

[Event "ICS rated blitz match"]
[Site "207.99.83.227"]
[Date "1999.04.04"]
[Round "?"]
[White "saknight"]
[Black "Hossa"]
[Result "0-1"]
[WhiteElo "2131"]
[BlackElo "2365"]
[PlyCount "120"]

1. e4 d6 2. d4 Nf6 3. Nc3 g6 4. Nf3 Bg7 5. Be2 O-O 6. O-O Bg4 7. a4 Bxf3 8.
Bxf3 e5 9. Be3 exd4 10. Bxd4 Nc6 11. Be3 Ne8 12. a5 Bxc3 13. bxc3 Qf6 14. Bd4
Ne5 15. Be2 Qf4 16. f3 Nf6 17. a6 b6 18. Qc1 Qh4 19. f4 Neg4 20. h3 c5 21. hxg4
cxd4 22. g5 Nxe4 23. Bf3 Nxc3 24. Qd2 Rac8 25. Qxd4 d5 26. Rae1 Rc4 27. Qd3
Qxf4 28. Bxd5 Qd4+ 29. Qxd4 Rxd4 30. Bb3 Re4 31. Rxe4 Nxe4 32. Rd1 Nc5 33. Bc4
Re8 34. Rd6 Re4 35. Bd5 Re2 36. Rf6 Ne6 37. c4 Nxg5 38. Rc6 Kf8 39. Rc8+ Re8
40. Rc7 Re7 41. Rc8+ Kg7 42. Rb8 Ne6 43. Rb7 Kf6 44. Kf2 Nc5 45. Rxe7 Kxe7 46.
Bb7 f5 47. Ke3 Kd6 48. Kd4 Nxb7 49. axb7 Kc7 50. Ke5 Kxb7 51. Kf6 Kc6 52. Kg7
a5 53. Kxh7 a4 54. Kxg6 b5 55. cxb5+ Kxb5 56. Kxf5 Kc5 57. g4 a3 58. g5 a2 59.
g6 a1=Q 60. Kg5 60... Qg7 {saknight resigns} 0-1

[Event "ICS rated blitz match"]
[Site "207.99.83.227"]
[Date "1999.04.04"]
[Round "?"]
[White "newfisher"]
[Black "Hossa"]
[Result "0-1"]
[WhiteElo "1985"]
[BlackElo "2372"]
[PlyCount "156"]

1. e4 e5 2. Nf3 Nc6 3. Bb5 a6 4. Bxc6 dxc6 5. Nc3 Bg4 6. O-O Qf6 7. d3 Bxf3 8.
Qxf3 Qxf3 9. gxf3 Bd6 10. Ne2 O-O-O 11. f4 Ne7 12. fxe5 Bxe5 13. f4 Bf6 14. Nc3
Bd4+ 15. Kg2 Ng8 16. Kf3 Nf6 17. h3 Rhe8 18. Ne2 Bc5 19. b3 g6 20. Bb2 Nd7 21.
d4 Bb6 22. c4 Re7 23. e5 c5 24. d5 Rg8 25. h4 Rge8 26. Ng3 Ba5 27. Ne4 Kb8 28.
Bc3 Bb6 29. a3 Rd8 30. a4 Kc8 31. Rad1 Rf8 32. Rde1 Kb8 33. Rd1 Rfe8 34. Rd2
Ka8 35. Rfd1 Ba7 36. Ng5 h6 37. Ne4 Bb8 38. Re1 Rd8 39. Rde2 Ree8 40. Rd1 Ba7
41. Red2 Bb6 42. Re2 Kb8 43. Red2 Kc8 44. Re2 Ba7 45. Red2 Kb8 46. Re2 Re7 47.
Red2 Rg8 48. Re2 Rge8 49. Red2 h5 50. Re2 Rd8 51. Red2 Ree8 52. Re2 Nf8 53.
Red2 Bb6 54. Re2 Ne6 55. Red2 Ng7 56. Rf2 Nf5 57. Rh2 Kc8 58. Nf6 Re7 59. Rd3
Kb8 60. Rdd2 Ba7 61. Rd3 Ka8 62. Rdd2 Nd4+ 63. Bxd4 cxd4 64. b4 Rc8 65. c5 a5
66. d6 Re6 67. d7 Rd8 68. Rxd4 axb4 69. Rxb4 Bxc5 70. Rb5 Be7 71. a5 Bxf6 72.
exf6 Rxd7 73. Re5 Rxf6 74. Re8+ Ka7 75. Rb2 Rd3+ 76. Ke4 Rfd6 77. Re7 f5+ 78.
Ke5 78... Re3# {newfisher checkmated} 0-1

[Event "ICS rated blitz match"]
[Site "207.99.83.227"]
[Date "1999.04.04"]
[Round "?"]
[White "newfisher"]
[Black "Hossa"]
[Result "1/2-1/2"]
[WhiteElo "2011"]
[BlackElo "2346"]
[PlyCount "32"]

1. e4 c5 2. Nf3 Nc6 3. d4 cxd4 4. Nxd4 Qb6 5. Nf3 e6 6. Nc3 Bb4 7. Bd2 Bc5 8.
Qe2 Qxb2 9. Rb1 Qxc2 10. Rc1 Qb2 11. Rb1 Qc2 12. Rc1 Qb2 13. Rb1 Qc2 14. Rc1
Qb2 15. Rb1 Qc2 16. Rc1 16... Qb2 {Game drawn by repetition} 1/2-1/2